A sketch-map economic history of Britain, (Record no. 234744)
[ view plain ]
| 000 -LEADER | |
|---|---|
| fixed length control field | 01035cam a22003131 4500 |
| 001 - CONTROL NUMBER | |
| control field | 8484002 |
| 003 - CONTROL NUMBER IDENTIFIER | |
| control field | Nust |
| 005 - DATE AND TIME OF LATEST TRANSACTION | |
| control field | 20170330121112.0 |
| 008 - FIXED-LENGTH DATA ELEMENTS--GENERAL INFORMATION | |
| fixed length control field | 791113s1966 enkb 000 0 eng |
| 010 ## - LIBRARY OF CONGRESS CONTROL NUMBER | |
| LC control number | 67078007 |
| 015 ## - NATIONAL BIBLIOGRAPHY NUMBER | |
| National bibliography number | B66-24182 |
| 035 ## - SYSTEM CONTROL NUMBER | |
| System control number | (OCoLC)5688940 |
| 040 ## - CATALOGING SOURCE | |
| Original cataloging agency | DLC |
| Transcribing agency | NBuU |
| Modifying agency | Uk |
| -- | DLC |
| 042 ## - AUTHENTICATION CODE | |
| Authentication code | premarc |
| 050 00 - LIBRARY OF CONGRESS CALL NUMBER | |
| Classification number | 330.942 GAY |
| Item number | .G3 1966 |
| 082 ## - DEWEY DECIMAL CLASSIFICATION NUMBER | |
| Classification number | 330.942 GAY |
| 100 1# - MAIN ENTRY--PERSONAL NAME | |
| Personal name | Gayler, J. L. |
| 245 12 - TITLE STATEMENT | |
| Title | A sketch-map economic history of Britain, |
| Statement of responsibility, etc. | by J. L. Gayler, Irene Richards and J. A. Morris. |
| 250 ## - EDITION STATEMENT | |
| Edition statement | 3rd ed. revised. |
| 260 ## - PUBLICATION, DISTRIBUTION, ETC. | |
| Place of publication, distribution, etc. | London, |
| Name of publisher, distributor, etc. | Harrap |
| Date of publication, distribution, etc. | [1965] |
| 300 ## - PHYSICAL DESCRIPTION | |
| Extent | 266 p. |
| Other physical details | maps, diagrs. |
| Dimensions | 26 cm. |
| 490 0# - SERIES STATEMENT | |
| Series statement | Sketch-map histories, |
| Volume/sequential designation | no. 7 |
| 500 ## - GENERAL NOTE | |
| General note | H.B |
| 651 #0 - SUBJECT ADDED ENTRY--GEOGRAPHIC NAME | |
| Geographic name | Great Britain |
| General subdivision | Economic conditions. |
| 651 #0 - SUBJECT ADDED ENTRY--GEOGRAPHIC NAME | |
| Geographic name | Great Britain |
| General subdivision | Economic conditions |
| Form subdivision | Maps. |
| 700 1# - ADDED ENTRY--PERSONAL NAME | |
| Personal name | Richards, Irene, |
| Relator term | joint author. |
| 700 1# - ADDED ENTRY--PERSONAL NAME | |
| Personal name | Morris, Joseph Acton, |
| Relator term | joint author. |
| 906 ## - LOCAL DATA ELEMENT F, LDF (RLIN) | |
| a | 7 |
| b | cbc |
| c | oclcrpl |
| d | u |
| e | ncip |
| f | 19 |
| g | y-gencatlg |
| 942 ## - ADDED ENTRY ELEMENTS (KOHA) | |
| Source of classification or shelving scheme | |
| Koha item type | Book |
| Call number prefix | 330.942 GAY |
| Withdrawn status | Lost status | Source of classification or shelving scheme | Damaged status | Not for loan | Collection code | Permanent Location | Current Location | Shelving location | Date acquired | Total Checkouts | Full call number | Barcode | Date last seen | Price effective from | Koha item type |
|---|---|---|---|---|---|---|---|---|---|---|---|---|---|---|---|
| Institute of Environmental Science and Engineering (IESE) | Institute of Environmental Science and Engineering (IESE) | General Stacks | 03/30/2017 | 330.942 GAY | IESE-253 | 03/30/2017 | 03/30/2017 | Book |
